Normal view
MARC view
Entry Personal Name
001 - CONTROL NUMBER
- control field: 1133513
003 - CONTROL NUMBER IDENTIFIER
- control field: OSt
005 - DATE AND TIME OF LATEST TRANSACTION
- control field: 20260320195916.0
008 - FIXED-LENGTH DATA ELEMENTS
- fixed length control field: 260320|| aca||aabn | a|a d
040 ## - CATALOGING SOURCE
- Original cataloging agency: OSt
- Transcribing agency: OSt
100 ## - HEADING--PERSONAL NAME
- Personal name: फ़ैज़ अहमद 'फ़ैज़', अनु. अब्दुल बिस्मिल्लाह
670 ## - SOURCE DATA FOUND
- Source citation: Work cat.: (OSt)1717137: फ़ैज़ अहमद 'फ़ैज़', अनु. अब्दुल बिस्मिल्लाह, सरे-वादिए-सीना
